Najczęściej wymieniani wrogowie Rosji - Statystyki

Ogólne statystyki
  • Ten quiz został rozwiązany 525 razy
  • Średni wynik to 11 z 15
Statystyki odpowiedzi
% Głosowanych Państwo % Poprawnych
26 Polska
99%
60 Stany Zjednoczone
99%
35 Ukraina
97%
15 Niemcy
92%
7 Kanada
83%
29 Wielka Brytania
82%
4 Japonia
81%
26 Litwa
79%
26 Łotwa
77%
11 Estonia
76%
16 Gruzja
52%
4 Iran
41%
6 Irak
38%
7 Afganistan
30%
4 Syria
27%
Nie znaleziono quizów pasujących do podanych kryteriów
Rozkład punktacji
Procent ludzi z każdym wynikiem
Percentyl według liczby udzielonych odpowiedzi
Twoja historia wyników
Nie rozwiązałeś tego quizu